000 00286nam a22001337a 4500
008 170622b xxu||||| |||| 00| 0 eng d
020 _a9781897959251
041 _aeng
080 _a32
100 _a20
101 _aSHP
245 _aWARRANT FOR GENOCIDE
_cCOHN, N
942 _2udc
_cBK
999 _c18601
_d18601